000 00859nam a2200229 a 4500
001 65159
003 BD-RjUL
005 20211209081407.0
008 170228s1990 bg |||| |||| 000 0 ben d
020 _c: Tk.25.00
035 _a(BD-RjUL)65289
040 _aBD-RjUL
_bben
_cBD-RjUL
_dBD-RjUL
041 _aben
082 _223
_a891.4409
_bRAC 1990
100 1 _aরাদিচে, উইলিয়ম
_9186143
245 1 0 _aচারটি বক্তৃতা /
_cউইলিয়ম রাদিচে
260 _aঢাকা :
_bবাংলা একাডেমী,
_c১৯৯০ [১৩৯৬]
300 _a৬৯ পৃ. ;
_c১৯ সেমি.
650 _aবাংলা সাহিত্য
_xইতিহাস ও সমালোচনা
_9179529
650 _aBengali Literature
_xHistory and Criticism
_9188646
942 _2ddc
_cBK
999 _c65159
_d65159